Southville International School and Colleges
Your cart is empty.
  • Cart
  • Lists
    Public lists Eva Luna New books Lux_list list_1
    Your lists Log in to create your own lists
  • Log in to your account
  • Your cookies
  • Search history
Southville International School and Colleges
  • Advanced search
  • Recent comments
  • Most popular
  • Libraries

Log in to your account

Log in with GOOGLE


If you do not have an external account, but do have a local account, you can still log in:

  1. Home
  2. MARC view: Money is my friend :
Normal view MARC view ISBD view

Money is my friend : (Record no. 356540)

[ view plain ]
MARC details
000 -LEADER
fixed length control field 00580nam a2200229Ia 4500
008 - FIXED-LENGTH DATA ELEMENTS--GENERAL INFORMATION
fixed length control field 180523s9999 xx 000 0 und d
020 ## - INTERNATIONAL STANDARD BOOK NUMBER
International Standard Book Number 978-81-7992-703-8
050 ## - LIBRARY OF CONGRESS CALL NUMBER
Classification number MAIN HG 179
050 ## - LIBRARY OF CONGRESS CALL NUMBER
Item number .L38 2007
100 ## - MAIN ENTRY--PERSONAL NAME
Personal name Laut, Phil.
245 #0 - TITLE STATEMENT
Title Money is my friend :
245 #0 - TITLE STATEMENT
Remainder of title for the new millennium /
245 #0 - TITLE STATEMENT
Statement of responsibility, etc Phil Laut, Jeffery Combs, Lisa Kitter.
260 ## - PUBLICATION, DISTRIBUTION, ETC. (IMPRINT)
Place of publication, distribution, etc Mumbai :
260 ## - PUBLICATION, DISTRIBUTION, ETC. (IMPRINT)
Name of publisher, distributor, etc Jaico Publishing,
260 ## - PUBLICATION, DISTRIBUTION, ETC. (IMPRINT)
Date of publication, distribution, etc 2007
300 ## - PHYSICAL DESCRIPTION
Extent 168 pages :
300 ## - PHYSICAL DESCRIPTION
Dimensions 22 cm.
650 ## - SUBJECT ADDED ENTRY--TOPICAL TERM
Topical term or geographic name as entry element Finance, Personal.
650 ## - SUBJECT ADDED ENTRY--TOPICAL TERM
Topical term or geographic name as entry element Success.
650 ## - SUBJECT ADDED ENTRY--TOPICAL TERM
General subdivision Investments.
Holdings
Withdrawn status Lost status Damaged status Home library Current library Shelving location Date acquired Cost, normal purchase price Total Checkouts Full call number Barcode Date last seen Price effective from Koha item type
      South Mansfield College South Mansfield College   05/23/2018 385.00   MAIN HG 179 .L38 2007 SMC04860 05/23/2018 05/23/2018  

Money is my friend :

APA

Laut P., .Money is my friend. Mumbai: .

Chicago

Laut Phil, .Money is my friend. Mumbai: .

Harvard

Laut P., .Money is my friend. Mumbai: .

MLA

Laut Phil, .Mumbai: . .

  • Place hold
  • Print
  • Cite
  • Add to your cart (remove)
  • Save record
    BIBTEX Dublin Core MARCXML MARC (non-Unicode/MARC-8) MARC (Unicode/UTF-8) MARC (Unicode/UTF-8, Standard) MODS (XML) RIS
  • More searches
    Search for this title in:
    Other Libraries (WorldCat) Other Databases (Google Scholar) Online Stores (Bookfinder.com) Open Library (openlibrary.org)

Exporting to Dublin Core...

SOUTHVILLE LIBRARY

Southville International School and Colleges Library

1281 Tropical Ave. Cor. Luxembourg St., BF Homes International, Las Pinas City

Tel. No. 8256374 / 252358 Loc. 117/146

Powered by Koha